The dead ground (Record no. 39450)

MARC details
000 -LEADER
fixed length control field 00515nam a2200157 a 4500
008 - FIXED-LENGTH DATA ELEMENTS--GENERAL INFORMATION
fixed length control field 160818s2014 ||||||||||||||||| || u
020 ## - INTERNATIONAL STANDARD BOOK NUMBER
International Standard Book Number 9781472204394
050 ## - LIBRARY OF CONGRESS CALL NUMBER
Classification number PR 6113.C476D4
100 ## - MAIN ENTRY--PERSONAL NAME
Personal name McGowan, Claire
245 14 - TITLE STATEMENT
Title The dead ground
Statement of responsibility, etc. By Claire McGowan
260 ## - PUBLICATION, DISTRIBUTION, ETC.
Place of publication, distribution, etc. London
Name of publisher, distributor, etc. Headline
Date of publication, distribution, etc. 2014
300 ## - PHYSICAL DESCRIPTION
Extent 408 p.
350 ## - PRICE (NR) (BK AM CF MU VM SE) [OBSOLETE]
Price 6.26
650 ## - SUBJECT ADDED ENTRY--TOPICAL TERM
Topical term or geographic name entry element ENGLISH LANGUAGE
995 ## - RECOMMENDATION 995 [LOCAL, UNIMARC FRANCE]
-- CBU-MAIN LIBRARY (Kitwe)
-- 6.26
-- 1
-- AVAILABLE
-- Sep 26, 2016
-- Fiction Collection
Holdings
Withdrawn status Lost status Source of classification or shelving scheme Damaged status Not for loan Home library Current library Shelving location Date acquired Total Checkouts Total Renewals Full call number Barcode Date last seen Date last checked out Price effective from Koha item type
          CBU-MAIN LIBRARY, KITWE. CBU-MAIN LIBRARY, KITWE.   11/30/2022 1 1 PR 6113.C476D4 746573 01/30/2025 01/06/2025 11/30/2022 MONOGRAPH